MDQL
is popping MORE tags! Check the
thread
!
Quizzes
Events
Quiz Creation
Community
Videos
Private Events
Remove Ads
Sign In
Join for FREE
Feedback
Dark Mode
Quiz Categories
Sports
Geography
Music
Movies
Television
Just For Fun
Miscellaneous
History
Literature
Language
Science
Gaming
Entertainment
Religion
Holiday
For Kids
Quiz Lab
Recent
Popular Today
Quiz Kudos Today
Editor Picks
Curator Picks
Quizzes by...
Day
Popularity
Type
Ratings
Length
Year
Community
Subscriptions
Recent Discussions
Orange Saloon
Badges
Playlists
Quests
Create
Leaderboards
Showdown
Live 5
Trivia Bingo
Activity
Puzzle Library
Sporcle Events
Private Events
Virtual Trivia
Globe League
Become a Host
Pub Owners
SporcleCon
Opinionation
Our Games
Videos
Blog
Mobile Apps
Partnerships
Remove Ads and Go Orange
Feedback
History
US Presidents
World Leaders
Politics
Nation
Discovery
War
Decade
Year
Century
Biography
Art
History
US Presidents
World Leaders
Politics
Nation
Discovery
War
Decade
Year
Century
Biography
Art
Random Quiz
Search Sporcle
×
Quiz Lab
Quiz Lab
History
successful
Type in answers that appear in a list
Type in answers that appear in a list
Classic
Best Score? Go Orange.
Most Successful Killers Stats
Can you name the Most Successful Killers?
By
cazzer
6m
20 Questions
8 Plays
8 Plays
8 Plays
Comments
Comments
Give Quiz Kudos
Give Quiz Kudos
-
- Ratings
hide this ad
Replay
Link that replays current quiz
Next Quiz
Link to next quiz in quiz playlist
You Got
0%
They Got
Avg Score
31%
Avg Friend Score
Upgrade to see
Score Distribution
Jump to the score distribution portion of the page
Score
0/20
Timer
06:00
0
Plays Today
Victims
Perpetrator
% Correct
21
Unknown Police
87.5%
13
Unknown Police
87.5%
12
Unknown Police
87.5%
11
Unknown Soldier
75%
26
Richard Komakech
37.5%
23
George Jo Hennard
25%
21
James Oliver Huberty
25%
17
Arsenio Formentera
25%
13
Jiverly Antares
25%
12
Lazaro Obwara
25%
Victims
Perpetrator
% Correct
14
Friedrich Leibacher
12.5%
13
Dembsky
12.5%
12
Ben Jebir
12.5%
11
Basudev Thapa
12.5%
11
Mat Taram bin Sa'al
12.5%
11
Loy Yeung
12.5%
11
Juan de Jesus
12.5%
11
Gregorio Caceres
12.5%
10
Abdullah Saleh Zaid al-Kohali
12.5%
10
Hajula
12.5%
Quiz Playlist
Details
Report
Send in Message
Add To Playlist
Classic:
Type in answers that appear in a list
Quiz Source
Last Updated: Feb 16, 2017
Quiz Scoreboard
CHALLENGE
Sign Up to Join the Scoreboard
Show All
Scores
Hide
Comments
May contain spoilers
Recently Published
Two Season TV Shows II
by 123Four
Television
10m
Image Sorting: Flags VI
by Barbecue
Geography
2m
Find the 'City' Movie
by crazypaving
Movies
60s
More to Explore
Quiz From the Vault
Featured Blog Post
14 Easter Pick-up Lines to Find Eggs With
hide this ad
You Might Also Like...
Tags
Killer
Most Successful
Perpetrator
successful
Victim
Today's Top Quizzes in History
Browse History
hide this ad
Today's Top Quizzes in successful
Browse successful
Top Contributed Quizzes in History
1
I Am Born On March 29th
2
Order Up: 1000 Years of World Events I
3
US National Parks Named After People
4
Popular People in 1991
5
Popular People in 1951
6
Popular People in 1941
7
Popular People in 1981
8
Popular People in 1921
9
Popular People in 1986
10
Popular People in 1976
Explore More
Trending Topics
Marvel
Kpop
Crossword
NBA
Anime
Harry Potter
Disney
Song
NFL
Pokémon
Puzzle
The Office
WWE
Country
Soccer
hide this ad
More By:
cazzer
Quiz
Plays
Rating
Category
Featured
Created
Top Countries by IQ
2,381
2.87
Geography
Nov 8, 2009
Dummest Countries
560
1.71
History
Nov 8, 2009
Most Successful Killers
8
1.00
History
Nov 8, 2009
Go to Creator's Profile
Score Distribution
Quiz Creator Spotlight
cazzer
Follow
Send a Message
Quizzes Created
-
Created Quiz Play Count
-
More By This Creator
Popular Quizzes Today
1
Find the US States - No Outlines Minefield
2
Colored Red Africa Blitz
3
Find the 'City' Movie
4
5x2 Blitz: Bands
5
The Countries of the World
6
Find the Countries of Europe - No Outlines Minefield
7
Find the US States
8
US States
More History Quizzes
Anyone but Benjamin Harrison
Published
Trending Quizzes
Colored Red Europe Blitz I
Colored Red Africa Blitz II
Colored Red Europe Blitz II
Colored Red Africa Blitz III
Colored Red Europe Blitz III
Recently Updated
How Do You Spell That?
pecheneg
Godzilla Movies
pecheneg
Grab Bag: 4-10 Letters
pecheneg
2024 March Madness Bracket
pecheneg
Famous TV Couples
Peacemaker
Champions League XIs: Real Madrid
pecheneg
Largest US Cities 1790-2010
pecheneg
Rides in Walt Disney World
pecheneg
Most Oscar Losses (Acting)
pecheneg
Beyoncé Albums
pecheneg
Trending Topics
NBA
Disney
Kpop
Crossword
Marvel
Anime
Harry Potter
NFL
The Office
Puzzle
WWE
Song
Pokémon
Country
Soccer
Your Account Isn't Verified!
In order to create a playlist on Sporcle, you need to verify the email address you used during registration. Go to your
Sporcle Settings
to finish the process.
Report this User
Report this user for behavior that violates our
Community Guidelines
.
Details:
Send Report
Go to the Sporcle.com Mobile Site →
Comments